Statistics for Word Scramble - Musical Instruments

Click here to take the quiz!

General Stats

  • This quiz has been taken 55,890 times
  • The average score is 18 of 24

Answer Stats

ScrambleInstrument% Correct
butatuba
99%
tufleflute
98%
ipnaopiano
96%
eboooboe
95%
iilvnoviolin
95%
rombonettrombone
93%
mtetrputrumpet
92%
raphharp
90%
onapxhesosaxophone
88%
liavoviola
87%
pohxonyelxylophone
85%
leloccello
84%
ncrefh nohrfrench horn
79%
arlietcnclarinet
75%
buleod sasbdouble bass
71%
asonsobbassoon
69%
groanorgan
64%
itpmnaitimpani
62%
dloobwockwoodblock
62%
riambammarimba
51%
toenirbabaritone
44%
ginrateltriangle
39%
dniacrocoaccordion
35%
onihuempueuphonium
20%

Score Distribution

Percentile by Number Answered

Percent of People with Each Score

Your Score History

You have not taken this quiz